{"text_format":"2","workbook":"xlsx","n_sheets":1,"sheets":["Sheet"],"not_rendered":{"charts":0,"images":0,"macros":0,"external_links":0,"defined_names":1,"comments":0,"pivot_tables":0},"unopened":[],"bounds":{"document_bytes":16777216,"sheet_cells":100000,"run_cost":"one","rows_first":2000,"rows_last":500,"rows_between":2000,"halvings":0,"cell_chars":16384,"cell_head_chars":4096},"cells_cut":0,"cells_raw":0,"read":"whole","date_system":"1900"}

{"sheet":"Sheet","index":0,"n_rows":46,"n_cols":16,"rows_kept":46,"cut":false,"hidden":false,"merged":[]}
["Partener","Punct de lucru","Nr.","Tip","Data","Data scadenta","Agent","Depozit","Cod articol","Denumire","Cantitate","UM","Pret","Valoare","Valoare TVA","Total"]
["ATLAS DIGITAL SA","Sediu social","INV0002033","Factura cumparare UE","2023-10-06","2023-10-11","PAKAI ANDREI","","ROINEUV4-WH","ROLAND EUV4 WH",75,"Buc",302.39999999999998,22680,4309.2,22680]
["ATLAS DIGITAL SA","Sediu social","INV0002033","Factura cumparare UE","2023-10-06","2023-10-11","PAKAI ANDREI","","ROINEUV4-CY","ROLAND EUV4 CY",15,"Buc",302.39999999999998,4536,861.84,4536]
["ATLAS DIGITAL SA","Sediu social","INV0002033","Factura cumparare UE","2023-10-06","2023-10-11","PAKAI ANDREI","","ROINEUV4-YE","ROLAND EUV4 YE",5,"Buc",302.39999999999998,1512,287.27999999999997,1512]
["ATLAS DIGITAL SA","Sediu social","INV0002033","Factura cumparare UE","2023-10-06","2023-10-11","PAKAI ANDREI","","ROINEUV4-MG","ROLAND EUV4 MG",5,"Buc",302.39999999999998,1512,287.27999999999997,1512]
["ATLAS DIGITAL SA","Sediu social","INV0002034","Factura cumparare UE","2023-10-06","2023-10-11","PAKAI ANDREI","","ROEQ-SG3540","ROLAND SG3-540 PRINTER-CUTTER 54″, Incl. Take-Up",1,"Buc",50999.76,50999.76,9689.9500000000007,50999.76]
["ATLAS DIGITAL SA","Sediu social","INV0002036","Factura cumparare UE","2023-10-11","2023-10-16","PAKAI ANDREI","","ROINEUV5P-7GL","ROLAND EUV5P INK POUCH GL 750cc",1,"Buc",415.8,415.8,79.03,415.8]
["ATLAS DIGITAL SA","Sediu social","INVDN42344","Factura cumparare UE","2023-10-11","2023-10-16","PAKAI ANDREI","","ROINEUV4-BK","ROLAND EUV4 BK",7,"Buc",302.39999999999998,2116.8000000000002,402.19,2116.8000000000002]
["ATLAS DIGITAL SA","Sediu social","INVDN42344","Factura cumparare UE","2023-10-11","2023-10-16","PAKAI ANDREI","","6000005213","ROLAND ASSY,HEAD INKJET SOL XC-540 SV2",1,"Buc",2273.04,2273.04,431.88,2273.04]
["ATLAS DIGITAL SA","Sediu social","INVDN42344","Factura cumparare UE","2023-10-11","2023-10-16","PAKAI ANDREI","","ROINTE2-5YE","ROLAND TE2 INK YE 500cc",4,"Buc",206.64,826.56,157.05000000000001,826.56]
["ATLAS DIGITAL SA","Sediu social","INVDN42344","Factura cumparare UE","2023-10-11","2023-10-16","PAKAI ANDREI","","ROINTR2-CL2","ROLAND TR2 CLEANING LIQUID_2 500cc",6,"Buc",226.8,1360.8,258.55,1360.8]
["ATLAS DIGITAL SA","Sediu social","INVDN42344","Factura cumparare UE","2023-10-11","2023-10-16","PAKAI ANDREI","","ROINTE2-5MG","ROLAND TE2 INK MG 500cc",4,"Buc",206.64,826.56,157.05000000000001,826.56]
["ATLAS DIGITAL SA","Sediu social","INVDN42344","Factura cumparare UE","2023-10-11","2023-10-16","PAKAI ANDREI","","ROINTE2-5CY","ROLAND TE2 INK CY 500cc",5,"Buc",206.64,1033.2,196.31,1033.2]
["ATLAS DIGITAL SA","Sediu social","INVDN42344","Factura cumparare UE","2023-10-11","2023-10-16","PAKAI ANDREI","","ROINSBL3-CY","ROLAND TEXART INK 1L CY",2,"Buc",287.27999999999997,574.55999999999995,109.17,574.55999999999995]
["ATLAS DIGITAL SA","Sediu social","INVDN42344","Factura cumparare UE","2023-10-11","2023-10-16","PAKAI ANDREI","","ROINSBL3-YE","ROLAND TEXART INK 1L YE",1,"Buc",287.27999999999997,287.27999999999997,54.58,287.27999999999997]
["ATLAS DIGITAL SA","Sediu social","INVDN42344","Factura cumparare UE","2023-10-11","2023-10-16","PAKAI ANDREI","","ROINESL4-4BK","ROLAND MAX2 ESL4-440 BK",1,"Buc",398.16,398.16,75.650000000000006,398.16]
["ATLAS DIGITAL SA","Sediu social","INVDN42344","Factura cumparare UE","2023-10-11","2023-10-16","PAKAI ANDREI","","ROINESL4-4LM","ROLAND MAX2 ESL4-440 LM",2,"Buc",398.16,796.32,151.30000000000001,796.32]
["ATLAS DIGITAL SA","Sediu social","INVDN42344","Factura cumparare UE","2023-10-11","2023-10-16","PAKAI ANDREI","","ROINESL4-4LK","ROLAND MAX2 ESL4-440 LK",2,"Buc",398.16,796.32,151.30000000000001,796.32]
["ATLAS DIGITAL SA","Sediu social","INVDN42344","Factura cumparare UE","2023-10-11","2023-10-16","PAKAI ANDREI","","ROINTE2-5BK","ROLAND TE2 INK BK 500cc",3,"Buc",206.64,619.91999999999996,117.78,619.91999999999996]
["ATLAS DIGITAL SA","Sediu social","INVDN42344","Factura cumparare UE","2023-10-11","2023-10-16","PAKAI ANDREI","","ROINSBL3-BK","ROLAND TEXART INK 1L BK",1,"Buc",287.27999999999997,287.27999999999997,54.58,287.27999999999997]
["ATLAS DIGITAL SA","Sediu social","INVDN42344","Factura cumparare UE","2023-10-11","2023-10-16","PAKAI ANDREI","","ROINESL4-4LC","ROLAND MAX2 ESL4-440 LC",1,"Buc",398.16,398.16,75.650000000000006,398.16]
["ATLAS DIGITAL SA","Sediu social","INVDN42344","Factura cumparare UE","2023-10-11","2023-10-16","PAKAI ANDREI","","ROINTE2-7LK","ROLAND TE2 INK LK 750cc",1,"Buc",332.64,332.64,63.2,332.64]
["ATLAS DIGITAL SA","Sediu social","INVDN42344","Factura cumparare UE","2023-10-11","2023-10-16","PAKAI ANDREI","","ROCAXD-CH3","ROLAND XD-CH3",2,"Buc",241.92,483.84,91.93,483.84]
["ATLAS DIGITAL SA","Sediu social","INVDN42344","Factura cumparare UE","2023-10-11","2023-10-16","PAKAI ANDREI","","ROINCMR-790","ROLAND UV PRIMER METAL CMR-790 (1000 ml)",2,"Buc",115.92,231.84,44.05,231.84]
["ATLAS DIGITAL SA","Sediu social","INVDN42344","Factura cumparare UE","2023-10-11","2023-10-16","PAKAI ANDREI","","1000006736","ROLAND WIPER,HEAD FELT VS-640",6,"Buc",45.86,275.18,52.26,275.18]
["ATLAS DIGITAL SA","Sediu social","INVDN42344","Factura cumparare UE","2023-10-11","2023-10-16","PAKAI ANDREI","","ROINEUV5-5YE","ROLAND EUV5 INK YE 500cc",1,"Buc",453.6,453.6,86.18,453.6]
["ATLAS DIGITAL SA","Sediu social","INVDN42344","Factura cumparare UE","2023-10-11","2023-10-16","PAKAI ANDREI","","ROINEUV5-5BK","ROLAND EUV5 INK BK 500cc",1,"Buc",453.6,453.6,86.18,453.6]
["ATLAS DIGITAL SA","Sediu social","INVDN42344","Factura cumparare UE","2023-10-11","2023-10-16","PAKAI ANDREI","","ROINEUV5-5GL","ROLAND EUV5 INK GL 500cc",2,"Buc",453.6,907.2,172.37,907.2]
["ATLAS DIGITAL SA","Sediu social","INVDN42344","Factura cumparare UE","2023-10-11","2023-10-16","PAKAI ANDREI","","ROINEUV5-5CY","ROLAND EUV5 INK CY 500cc",1,"Buc",453.6,453.6,86.18,453.6]
["ATLAS DIGITAL SA","Sediu social","INVDN42344","Factura cumparare UE","2023-10-11","2023-10-16","PAKAI ANDREI","","ROINEUV5-5MG","ROLAND EUV5 INK MG 500cc",1,"Buc",453.6,453.6,86.18,453.6]
["ATLAS DIGITAL SA","Sediu social","INVDN42344","Factura cumparare UE","2023-10-11","2023-10-16","PAKAI ANDREI","","W702406050","ROLAND ASSY,CROP SENS BOARD VS-640i",2,"Buc",68.8,137.59,26.16,137.59]
["ATLAS DIGITAL SA","Sediu social","INVDN42344","Factura cumparare UE","2023-10-11","2023-10-16","PAKAI ANDREI","","6000002178","ROLAND ASSY,HEAD BOARD EJ-640",1,"Buc",3492.22,3492.22,663.52,3492.22]
["ATLAS DIGITAL SA","Sediu social","INVDN42344","Factura cumparare UE","2023-10-11","2023-10-16","PAKAI ANDREI","","ROINEUV4-YE","ROLAND EUV4 YE",5,"Buc",302.39999999999998,1512,287.27999999999997,1512]
["ATLAS DIGITAL SA","Sediu social","INVDN42344","Factura cumparare UE","2023-10-11","2023-10-16","PAKAI ANDREI","","ROCAZEC-U5025-SET","ROLAND CUTTING BLADE ZEC-U5025 50°/0.25, 5pcs",2,"Buc",606.05999999999995,1212.1199999999999,230.33,1212.1199999999999]
["ATLAS DIGITAL SA","Sediu social","INVDN42344","Factura cumparare UE","2023-10-11","2023-10-16","PAKAI ANDREI","","ROCAZEC-U5022-SET","ROLAND CUTTING BLADE ZEC-U5022 55°/0.25, 2pcs",12,"Buc",167.08,2004.91,380.92,2004.91]
["ATLAS DIGITAL SA","Sediu social","INVDN42344","Factura cumparare UE","2023-10-11","2023-10-16","PAKAI ANDREI","","1000013784","ROLAND DAMPER,INK IHP XR-640",4,"Buc",229.32,917.28,174.28,917.28]
["ATLAS DIGITAL SA","Sediu social","INVDN42344","Factura cumparare UE","2023-10-11","2023-10-16","PAKAI ANDREI","","6000007135","ROLAND ASSY,CAP-TOP SV VS-640_04",3,"Buc",255.53,766.58,145.66,766.58]
["BROTHER INT INDUSTRIEMASCHINEN GMBH","Sediu social","BR3140181229","Factura cumparare UE","2023-10-04","2023-10-09","PAKAI ANDREI","","BGCX60K009L0132","BROTHER GCX-6K09L-1 BLACK 9L (GTX6)",1,"Buc",4751.46,4751.46,902.76,4751.46]
["BROTHER INT INDUSTRIEMASCHINEN GMBH","Sediu social","BR3140181230","Factura cumparare UE","2023-10-04","2023-10-09","PAKAI ANDREI","","BGC3000W3811022","BROTHER GT-3 INK WHITE 380cc (2 pcs)",5,"Buc",1048.32,5241.6000000000004,995.9,5241.6000000000004]
["BROTHER INT INDUSTRIEMASCHINEN GMBH","Sediu social","BR3140181230","Factura cumparare UE","2023-10-04","2023-10-09","PAKAI ANDREI","","SB6673101","BROTHER WIPER CLEANER - 2pcs (GTX/PRO)",20,"Buc",74.09,1481.76,281.52999999999997,1481.76]
["BROTHER INT INDUSTRIEMASCHINEN GMBH","Sediu social","BR3140181230","Factura cumparare UE","2023-10-04","2023-10-09","PAKAI ANDREI","","BGCX40P020K0032","BROTHER GTX PRE-TREATMENT 20Kg (17,5 Lt)",3,"Buc",2112.77,6338.3,1204.26,6338.3]
["BROTHER INT INDUSTRIEMASCHINEN GMBH","Sediu social","BR3140181230","Factura cumparare UE","2023-10-04","2023-10-09","PAKAI ANDREI","","BGCX40K002K0152","BROTHER GTX INK 1.8L BLACK",2,"Buc",1383.48,2766.96,525.72,2766.96]
["BROTHER INT INDUSTRIEMASCHINEN GMBH","Sediu social","BR3140181230","Factura cumparare UE","2023-10-04","2023-10-09","PAKAI ANDREI","","BGCX40E005K0042","BROTHER GTX GCX-4E05 CLEANING SOL. 5L",4,"Buc",536.76,2147.04,407.94,2147.04]
["BROTHER INT INDUSTRIEMASCHINEN GMBH","Sediu social","BR3140181230","Factura cumparare UE","2023-10-04","2023-10-09","PAKAI ANDREI","","BGC3000Y3810002","BROTHER GT-3 INK YELLOW 380cc",2,"Buc",624.46,1248.9100000000001,237.28,1248.9100000000001]
["BROTHER INT INDUSTRIEMASCHINEN GMBH","Sediu social","BR3140181230","Factura cumparare UE","2023-10-04","2023-10-09","PAKAI ANDREI","","N40000460","BROTHER PLATEN, SHOE COMPLETE KIT",1,"Set",1744.24,1744.24,331.43,1744.24]
[{"$nulls":13},{"$f":"SUBTOTAL(9,N38:N45)","v":25720.270000000004},{"$f":"SUBTOTAL(9,O38:O45)","v":4886.82},{"$f":"SUBTOTAL(9,P38:P45)","v":25720.270000000004}]